000 00486nam a22001697a 4500
008 230605b xxu||||| |||| 00| 0 eng d
041 _hde
082 _a327
_bINT
110 _d2008
245 _aInternationale Politik und Gesellschaft :
_bInternational Politics and Society /
_cInternationale Politik und Gesellschaft
260 _aGermany
_bVerlag J.H.W. Dietz Nachf
_c2008
300 _a176 p
440 _v4
_x09452419
522 _aGermany
546 _aGermany
942 _2ddc
_cBK
999 _c270
_d270